[Event "Vienna Chess Open 2015 Group A"]
[Site "Grosser Festsaal im Wiener Rathaus, 1010 Wien"]
[Date "2015.08.19"]
[Round "5"]
[Board "34"]
[White "Maier, Christian"]
[Black "Vasile, Claudiu-Daniel"]
[Result "1/2-1/2"]
[WhiteElo "2382"]
[BlackElo "2237"]
[PlyCount "56"]
[EventDate "2015.08.15"]
[EventRounds "9"]
[EventCountry "AUT"]

1.c4 e6 2.Nf3 d5 3.e3 Nf6 4.b3 Be7 5.Bb2 O-O 6.Be2 c5 7.O-O Nc6 8.d4 b6 9.Nbd2 Bb7
10.Rc1 Rc8 11.Bd3 Rc7 12.Qe2 cxd4 13.exd4 Qc8 14.Rfd1 Rd8 15.Bb1 Ba6 16.Qe3 Na5 17.cxd5
Nxd5 18.Qe4 f5 19.Rxc7 Nxc7 20.Qe1 Nc6 21.Rc1 Qd7 22.Nc4 Bf6 23.Nce5 Bxe5 24.Nxe5
Nxe5 25.Qxe5 Nd5 26.h4 Qd6 27.Qxd6 Rxd6 28.g3 Rd7 1/2-1/2

[Event "Vienna Chess Open 2015 Group A"]
[Site "Grosser Festsaal im Wiener Rathaus, 1010 Wien"]
[Date "2015.08.19"]
[Round "5"]
[Board "35"]
[White "Pirrot, Dieter"]
[Black "Shumilina, Alexandra"]
[Result "1-0"]
[WhiteElo "2374"]
[BlackElo "2225"]
[PlyCount "109"]
[EventDate "2015.08.15"]
[EventRounds "9"]
[EventCountry "AUT"]

1.e4 c5 2.d4 cxd4 3.c3 d5 4.exd5 Qxd5 5.cxd4 e6 6.Nc3 Qd6 7.g3 Nc6 8.Nge2 Nf6 9.Bg2
Be7 10.O-O O-O 11.Bf4 Qb4 12.a3 Qa5 13.b4 Qh5 14.b5 Nb8 15.a4 Nbd7 16.h3 Nb6 17.Be5
Nfd7 18.Bc7 Nc4 19.Qd3 Nd6 20.Nf4 Qh6 21.Rfe1 Ne8 22.Ba5 Rb8 23.Ne4 g5 24.Ne2 f5 25.Nd2
b6 26.Bc3 Bb7 27.d5 e5 28.Bb2 Nd6 29.Nd4 e4 30.Qb3 Nc5 31.Qa2 Nd3 32.Nc6 Rbe8 33.Ba3
Nxe1 34.Rxe1 Bxc6 35.dxc6+ Nf7 36.Bb2 Rd8 37.Nf1 Bf6 38.Ba3 Rfe8 39.Ne3 Bc3 40.Rc1
Bd2 41.c7 Bxc1 42.cxd8=Q Rxd8 43.Bxc1 f4 44.gxf4 gxf4 45.Ng4 Rd1+ 46.Kh2 Qd6 47.Ba3
Qc7 48.Nh6+ Kg7 49.Bb2+ Kf8 50.Ba3+ Kg7 51.Nf5+ Kf6 52.Bxe4 f3+ 53.Ng3 Ng5 54.Qb2+
Qe5 55.Be7+ 1-0

[Event "Vienna Chess Open 2015 Group A"]
[Site "Grosser Festsaal im Wiener Rathaus, 1010 Wien"]
[Date "2015.08.20"]
[Round "6"]
[Board "1"]
[White "Buhmann, Rainer"]
[Black "Kurajica, Bojan"]
[Result "1-0"]
[WhiteElo "2613"]
[BlackElo "2513"]
[PlyCount "65"]
[EventDate "2015.08.15"]
[EventRounds "9"]
[EventCountry "AUT"]

1.d4 Nf6 2.c4 e6 3.Nf3 Bb4+ 4.Nbd2 O-O 5.a3 Bxd2+ 6.Bxd2 d6 7.Bg5 c5 8.e3 Qa5+ 9.Qd2
Qxd2+ 10.Nxd2 cxd4 11.exd4 Nbd7 12.Be2 b6 13.O-O Bb7 14.b4 Rfc8 15.Rfc1 Rc7 16.Bf4
e5 17.Bg3 Rac8 18.c5 Ne8 19.Re1 bxc5 20.bxc5 exd4 21.Bb5 Rd8 22.cxd6 Rc2 23.Bxd7 Nf6
24.Ba4 Rxd2 25.d7 h6 26.Re8+ Nxe8 27.dxe8=Q+ Rxe8 28.Bxe8 Ba6 29.a4 Be2 30.Bb5 d3
31.f3 Rc2 32.Kf2 f6 33.Ke3 1-0

[Event "Vienna Chess Open 2015 Group A"]
[Site "Grosser Festsaal im Wiener Rathaus, 1010 Wien"]
[Date "2015.08.20"]
[Round "6"]
[Board "2"]
[White "Tari, Aryan"]
[Black "Bánusz, Tamás"]
[Result "0-1"]
[WhiteElo "2510"]
[BlackElo "2586"]
[PlyCount "92"]
[EventDate "2015.08.15"]
[EventRounds "9"]
[EventCountry "AUT"]

1.d4 d5 2.c4 c6 3.Nf3 Nf6 4.Nc3 dxc4 5.a4 Bf5 6.Ne5 Nbd7 7.Nxc4 Qc7 8.g3 e5 9.dxe5
Nxe5 10.Bf4 Nfd7 11.Bg2 f6 12.O-O g5 13.Nxe5 gxf4 14.Nxd7 Qxd7 15.a5 fxg3 16.fxg3
a6 17.Qxd7+ Bxd7 18.Rxf6 Bc5+ 19.Kh1 O-O-O 20.Na4 Bd4 21.Rf7 Kb8 22.Raf1 Be6 23.Re7
Rde8 24.Rxe8+ Rxe8 25.b4 Bb3 26.Nc5 Bxc5 27.bxc5 Rxe2 28.g4 Ra2 29.Be4 Ra4 30.Rf8+
Ka7 31.Bf5 Rxa5 32.Bxh7 Ra1+ 33.Kg2 a5 34.Bg8 a4 35.Kh3 Rc1 36.Bxb3 axb3 37.Rf2 Rxc5
38.Kh4 Rc2 39.Rf3 b2 40.Ra3+ Kb8 41.Rb3 c5 42.g5 Rc4+ 43.Kh5 Rb4 44.g6 Rxb3 45.g7
b1=Q 46.g8=Q+ Ka7 0-1

[Event "Vienna Chess Open 2015 Group A"]
[Site "Grosser Festsaal im Wiener Rathaus, 1010 Wien"]
[Date "2015.08.20"]
[Round "6"]
[Board "3"]
[White "Arkell, Keith"]
[Black "Heberla, Bartlomiej"]
[Result "1-0"]
[WhiteElo "2488"]
[BlackElo "2548"]
[PlyCount "81"]
[EventDate "2015.08.15"]
[EventRounds "9"]
[EventCountry "AUT"]

1.d4 Nf6 2.Nf3 g6 3.c4 Bg7 4.g3 O-O 5.Bg2 d6 6.Nc3 Nc6 7.O-O a6 8.h3 Rb8 9.e4 b5 10.cxb5
axb5 11.e5 Ne8 12.Bf4 b4 13.Ne4 Na5 14.Re1 c6 15.b3 Be6 16.Qd2 Bd5 17.h4 f6 18.exd6
exd6 19.Nh2 Rf7 20.Re2 Bxb3 21.axb3 Nxb3 22.Qb2 Nxa1 23.Qxa1 Re7 24.Qa4 Rb5 25.Qb3+
d5 26.Rc2 Qa8 27.Nc5 Ra7 28.Qe3 Bf8 29.Qe6+ Kh8 30.Nb3 Re7 31.Qxc6 Qxc6 32.Rxc6 Kg7
33.Nf3 Rd7 34.Nfd2 Rbb7 35.Ra6 h6 36.Nc5 Bxc5 37.dxc5 Nc7 38.Ra1 Rb5 39.Nb3 Ne6 40.c6
Rf7 41.Bd6 1-0

[Event "Vienna Chess Open 2015 Group A"]
[Site "Grosser Festsaal im Wiener Rathaus, 1010 Wien"]
[Date "2015.08.20"]
[Round "6"]
[Board "4"]
[White "Brunello, Sabino"]
[Black "Carow, Johannes"]
[Result "1-0"]
[WhiteElo "2545"]
[BlackElo "2407"]
[PlyCount "71"]
[EventDate "2015.08.15"]
[EventRounds "9"]
[EventCountry "AUT"]

1.d4 Nf6 2.c4 c5 3.d5 b5 4.Nf3 Bb7 5.Qc2 bxc4 6.e4 e6 7.Bxc4 exd5 8.exd5 d6 9.Nc3
Be7 10.O-O O-O 11.a4 Na6 12.b3 Nb4 13.Qd2 Nd7 14.Bb2 Nb6 15.Rfe1 Bf6 16.Rad1 Rb8 17.Re4
Bc8 18.Rf4 Nxc4 19.bxc4 Nd3 20.Qxd3 Rxb2 21.Ne4 Be7 22.h4 h6 23.Re1 Rb4 24.a5 Re8
25.g4 Ba6 26.Ng3 Bf8 27.Rxe8 Qxe8 28.g5 hxg5 29.Nxg5 Qe1+ 30.Kg2 Qb1 31.Qf3 Rb3 32.Qe2
Rb7 33.N3e4 g6 34.Nxd6 Bxd6 35.Qe8+ Bf8 36.Rxf7 1-0

[Event "Vienna Chess Open 2015 Group A"]
[Site "Grosser Festsaal im Wiener Rathaus, 1010 Wien"]
[Date "2015.08.20"]
[Round "6"]
[Board "5"]
[White "Antal, Gergely"]
[Black "Schreiner, Peter"]
[Result "1-0"]
[WhiteElo "2524"]
[BlackElo "2439"]
[PlyCount "81"]
[EventDate "2015.08.15"]
[EventRounds "9"]
[EventCountry "AUT"]

1.e4 c5 2.Nf3 e6 3.b3 b6 4.Bb2 Bb7 5.Qe2 Nc6 6.g3 Nf6 7.e5 Nd5 8.Bg2 d6 9.exd6 Bxd6
10.O-O O-O 11.Na3 Re8 12.Nc4 Bc7 13.Nce5 Nxe5 14.Nxe5 Bxe5 15.Qxe5 f6 16.Qe2 Qd7 17.f4
Nb4 18.d3 Bxg2 19.Qxg2 Qd5 20.Qf2 Rad8 21.Rfe1 Nc6 22.Re4 Re7 23.Rae1 Rde8 24.a3 a5
25.Bc3 f5 26.R4e3 a4 27.bxa4 Ra8 28.Qe2 Nd4 29.Bxd4 Qxd4 30.c3 Qxc3 31.Rxe6 Qd4+ 32.Kf1
Rf7 33.Re8+ Rxe8 34.Qxe8+ Rf8 35.Qe6+ Rf7 36.Qb3 Kf8 37.a5 g5 38.axb6 gxf4 39.b7 Rxb7
40.Qxb7 Qxd3+ 41.Kg1 1-0

[Event "Vienna Chess Open 2015 Group A"]
[Site "Grosser Festsaal im Wiener Rathaus, 1010 Wien"]
[Date "2015.08.20"]
[Round "6"]
[Board "6"]
[White "Danner, Georg"]
[Black "Rambaldi, Francesco"]
[Result "0-1"]
[WhiteElo "2385"]
[BlackElo "2517"]
[PlyCount "172"]
[EventDate "2015.08.15"]
[EventRounds "9"]
[EventCountry "AUT"]

1.d4 Nf6 2.c4 g6 3.Nc3 d5 4.cxd5 Nxd5 5.e4 Nxc3 6.bxc3 Bg7 7.Be3 c5 8.Qd2 O-O 9.Nf3
Bg4 10.Be2 cxd4 11.cxd4 Nc6 12.Rd1 Bxf3 13.Bxf3 Na5 14.Be2 Rc8 15.O-O Nc4 16.Bxc4
Rxc4 17.Rc1 Ra4 18.Rfd1 Qd7 19.f3 f5 20.exf5 Rxf5 21.d5 Bd4 22.d6 Rd5 23.dxe7 Bxe3+
24.Qxe3 Rxd1+ 25.Rxd1 Qxd1+ 26.Kf2 Rxa2+ 27.Kg3 Qd6+ 28.f4 Ra3 29.e8=Q+ Kg7 30.Qxa3
Qxa3+ 31.Kh4 Qd6 32.Qe4 Kf7 33.Kg3 Qa3+ 34.Kg4 Qb3 35.Qd4 Qe6+ 36.Kg3 a5 37.h3 b6
38.Kh2 h5 39.g3 Qf6 40.Qd7+ Kg8 41.Kg2 Kf8 42.Qc8+ Kg7 43.Qc7+ Kf8 44.g4 h4 45.Kf3
Qe6 46.Qd8+ Kg7 47.Qc7+ Kf8 48.Qd8+ Kf7 49.Qc7+ Ke8 50.Qb8+ Ke7 51.Qc7+ Qd7 52.Qxb6
Qd3+ 53.Kf2 Qg3+ 54.Ke2 Qg2+ 55.Kd1 Qf1+ 56.Kc2 Qc4+ 57.Kb2 Qxf4 58.Qxg6 Qh2+ 59.Kb1
Qxh3 60.Qe4+ Kd6 61.Qd4+ Kc6 62.Qc4+ Kb6 63.Qd4+ Kb5 64.Qd5+ Kb4 65.Qd4+ Kb3 66.Qd5+
Kc3 67.Qxa5+ Kd4 68.Qb4+ Ke5 69.Qc5+ Kf4 70.Qf5+ Kg3 71.Qe5+ Kxg4 72.Qe6+ Kg3 73.Qe3+
Kg2 74.Qe4+ Kh2 75.Qe5+ Qg3 76.Qe6 h3 77.Kc1 Kg1 78.Qb6+ Qf2 79.Qg6+ Qg2 80.Qb6+ Kh1
81.Qe6 h2 82.Kd1 Qf3+ 83.Kd2 Kg1 84.Qe1+ Qf1 85.Qg3+ Qg2+ 86.Qxg2+ Kxg2 0-1

[Event "Vienna Chess Open 2015 Group A"]
[Site "Grosser Festsaal im Wiener Rathaus, 1010 Wien"]
[Date "2015.08.20"]
[Round "6"]
[Board "7"]
[White "Rombaldoni, Axel"]
[Black "Beshukov, Sergey"]
[Result "1-0"]
[WhiteElo "2515"]
[BlackElo "2382"]
[PlyCount "61"]
[EventDate "2015.08.15"]
[EventRounds "9"]
[EventCountry "AUT"]

1.e4 c5 2.Nf3 e6 3.d4 cxd4 4.Nxd4 a6 5.Bd3 Nf6 6.O-O d6 7.f4 Nbd7 8.Qf3 Nc5 9.Nc3
Be7 10.Be3 Nxd3 11.cxd3 O-O 12.g4 Ne8 13.Rf2 Bd7 14.f5 e5 15.Nc2 Bc6 16.Rg2 Bg5 17.Bxg5
Qxg5 18.Ne3 b5 19.h4 Qd8 20.g5 b4 21.Ncd5 Bxd5 22.Nxd5 Nc7 23.Ne3 d5 24.f6 g6 25.h5
Qd7 26.Ng4 dxe4 27.dxe4 Qe6 28.Rh2 Rad8 29.Rf1 gxh5 30.Rxh5 Qc4 31.Qf5 1-0

[Event "Vienna Chess Open 2015 Group A"]
[Site "Grosser Festsaal im Wiener Rathaus, 1010 Wien"]
[Date "2015.08.20"]
[Round "6"]
[Board "8"]
[White "Dragnev , Valentin"]
[Black "Hawkins, Jonathan"]
[Result "0-1"]
[WhiteElo "2339"]
[BlackElo "2554"]
[PlyCount "118"]
[EventDate "2015.08.15"]
[EventRounds "9"]
[EventCountry "AUT"]

1.e4 c6 2.d4 d5 3.e5 c5 4.dxc5 Nc6 5.Nf3 Bg4 6.c3 e6 7.Be3 a6 8.Nbd2 Nxe5 9.h3 Bxf3
10.Nxf3 Nc6 11.Be2 Nf6 12.b4 Ne4 13.Qb3 Be7 14.O-O O-O 15.Rfd1 Qc7 16.c4 Bf6 17.Rac1
Rad8 18.cxd5 exd5 19.Nd4 Rfe8 20.Bf1 g6 21.Rc2 Be5 22.a4 a5 23.Nxc6 bxc6 24.Bd4 Bxd4
25.Rxd4 axb4 26.Rxb4 d4 27.Rb7 Qf4 28.g3 Qf6 29.h4 Nc3 30.Bc4 Re7 31.Rxe7 Qxe7 32.Kh2
Ra8 33.Rd2 Qe1 34.Qc2 Rxa4 35.Rxd4 Ra1 36.Kh3 Rc1 37.Qd3 Qxf2 38.Bxf7+ Kg7 39.Bxg6
hxg6 40.Rd7+ Kh6 41.Rd6 Qf1+ 42.Qxf1 Rxf1 43.Rxc6 Ne4 44.Re6 Nxc5 45.Re3 Rd1 46.Re7
Rd7 47.Re5 Nd3 48.Ra5 Rd4 49.Ra7 Nf2+ 50.Kg2 Ng4 51.Kf3 Ne5+ 52.Kg2 Nc4 53.Kh3 Rd3
54.Rf7 Nd6 55.Rf4 Kg7 56.Kh2 Rc3 57.Rg4 Kh6 58.Kh3 Re3 59.Kh2 Ne4 0-1

[Event "Vienna Chess Open 2015 Group A"]
[Site "Grosser Festsaal im Wiener Rathaus, 1010 Wien"]
[Date "2015.08.20"]
[Round "6"]
[Board "9"]
[White "Shengelia, David"]
[Black "Picard, Romain"]
[Result "1/2-1/2"]
[WhiteElo "2572"]
[BlackElo "2326"]
[PlyCount "76"]
[EventDate "2015.08.15"]
[EventRounds "9"]
[EventCountry "AUT"]

1.Nf3 Nf6 2.b3 b6 3.Bb2 e6 4.e3 Bb7 5.Rg1 h5 6.d4 c5 7.dxc5 Bxc5 8.a3 Be7 9.Nbd2 Qc7
10.Bd3 d6 11.Qe2 Nbd7 12.b4 a6 13.e4 Kf8 14.h3 h4 15.c4 a5 16.Qe3 axb4 17.axb4 Rxa1+
18.Bxa1 Rh5 19.g4 hxg3 20.Rxg3 b5 21.Ng5 bxc4 22.Nxc4 d5 23.exd5 Bxd5 24.Ne5 Nxe5
25.Bxe5 Bxb4+ 26.Ke2 Bd6 27.Bxd6+ Qxd6 28.Qd4 e5 29.Qc3 g6 30.Qc2 e4 31.Qc8+ Kg7 32.Bc4
Bxc4+ 33.Qxc4 Qd5 34.Qxd5 Nxd5 35.Nxe4 Rxh3 36.Rxh3 Nf4+ 37.Kf3 Nxh3 38.Kg3 Nxf2 1/2-1/2

[Event "Vienna Chess Open 2015 Group A"]
[Site "Grosser Festsaal im Wiener Rathaus, 1010 Wien"]
[Date "2015.08.20"]
[Round "6"]
[Board "10"]
[White "Bartell, Thomas"]
[Black "Dizdarevic, Emir"]
[Result "1/2-1/2"]
[WhiteElo "2345"]
[BlackElo "2540"]
[PlyCount "84"]
[EventDate "2015.08.15"]
[EventRounds "9"]
[EventCountry "AUT"]

1.c4 c6 2.d4 Nf6 3.Nf3 e6 4.e3 d5 5.b3 Nbd7 6.Bd3 b6 7.O-O Bb7 8.Nbd2 Bd6 9.Bb2 O-O
10.Ne5 c5 11.cxd5 exd5 12.Nxd7 Nxd7 13.dxc5 bxc5 14.Qh5 g6 15.Qh6 Be5 16.Bxe5 Nxe5
17.Be2 Re8 18.Nf3 Qf6 19.Ng5 Qg7 20.Qxg7+ Kxg7 21.Rac1 Rac8 22.Rfd1 Re7 23.Nf3 Nd7
24.Kf1 Nb6 25.a3 a5 26.b4 axb4 27.axb4 c4 28.Nd4 Bc6 29.b5 Be8 30.Ra1 Rb7 31.Bf3 Rc5
32.Rdb1 c3 33.Be2 Nc4 34.Bxc4 Rxc4 35.Ke1 c2 36.Rc1 Bxb5 37.Rxc2 Rxc2 38.Nxc2 Bd3
39.Nd4 Rb2 40.Rd1 Bc4 41.Rd2 Rb1+ 42.Rd1 Rb2 1/2-1/2

[Event "Vienna Chess Open 2015 Group A"]
[Site "Grosser Festsaal im Wiener Rathaus, 1010 Wien"]
[Date "2015.08.20"]
[Round "6"]
[Board "11"]
[White "Jessel, Stephen"]
[Black "Kindermann, Stefan"]
[Result "0-1"]
[WhiteElo "2352"]
[BlackElo "2507"]
[PlyCount "58"]
[EventDate "2015.08.15"]
[EventRounds "9"]
[EventCountry "AUT"]

1.Nf3 d6 2.d4 f5 3.g3 Nf6 4.Bg2 e6 5.O-O Be7 6.c4 O-O 7.b4 Ne4 8.Bb2 a5 9.b5 a4 10.Qc2
c6 11.Na3 Bd7 12.Rfc1 d5 13.Ne5 cxb5 14.cxb5 Bd6 15.e3 Be8 16.Rab1 Nd7 17.Qd3 Nb6
18.f3 Nf6 19.Nc2 Nc4 20.Nxc4 Bxb5 21.N2a3 Bxa3 22.Bxa3 Bxc4 23.Rxc4 dxc4 24.Qxc4 Re8
25.e4 Rc8 26.Qd3 Qc7 27.Rc1 Qa5 28.Rc4 Rxc4 29.Qxc4 Qe1+ 0-1

[Event "Vienna Chess Open 2015 Group A"]
[Site "Grosser Festsaal im Wiener Rathaus, 1010 Wien"]
[Date "2015.08.20"]
[Round "6"]
[Board "12"]
[White "Barle, Janez"]
[Black "Moroni, Luca"]
[Result "0-1"]
[WhiteElo "2324"]
[BlackElo "2461"]
[PlyCount "72"]
[EventDate "2015.08.15"]
[EventRounds "9"]
[EventCountry "AUT"]

1.e4 e6 2.d4 d5 3.Nc3 Nc6 4.Nf3 Nf6 5.exd5 exd5 6.Bb5 Be7 7.Ne5 Bd7 8.Bxc6 Bxc6 9.O-O
Nd7 10.Nxc6 bxc6 11.b3 O-O 12.Qd3 Bd6 13.Ne2 Qf6 14.Be3 Rfe8 15.f4 c5 16.Rad1 c4 17.Qd2
Qe7 18.Rf3 Nf6 19.Ng3 Qd7 20.bxc4 dxc4 21.d5 Bf8 22.Bd4 Ne4 23.Nxe4 Rxe4 24.Rg3 Rae8
25.Re3 Qxd5 26.Rxe4 Qxe4 27.Bf2 Qf5 28.g3 h5 29.h4 a6 30.c3 Bd6 31.Qd5 Qc2 32.Qxh5
Qxc3 33.Qg4 Qc2 34.Bd4 Bf8 35.h5 Re2 36.Ra1 Qe4 0-1

[Event "Vienna Chess Open 2015 Group A"]
[Site "Grosser Festsaal im Wiener Rathaus, 1010 Wien"]
[Date "2015.08.20"]
[Round "6"]
[Board "13"]
[White "Feuerstack, Aljoscha"]
[Black "Mihajlov, Sebastian"]
[Result "1-0"]
[WhiteElo "2458"]
[BlackElo "2309"]
[PlyCount "53"]
[EventDate "2015.08.15"]
[EventRounds "9"]
[EventCountry "AUT"]

1.c4 c6 2.e4 d5 3.cxd5 cxd5 4.exd5 Nf6 5.Nc3 Nxd5 6.Nf3 Nc6 7.Bb5 Nxc3 8.bxc3 e6 9.d4
Be7 10.O-O O-O 11.Re1 Bf6 12.Rb1 Bd7 13.Bd3 b6 14.Bf4 Re8 15.Qd2 g6 16.h4 h5 17.Bg5
Kg7 18.Bh6+ Kh7 19.Qf4 Kg8 20.Rb5 Bg7 21.Rxh5 e5 22.Nxe5 Nxe5 23.Rhxe5 Bxe5 24.Rxe5
Rxe5 25.Qxe5 f6 26.Qd5+ Kh8 27.Qf7 1-0

[Event "Vienna Chess Open 2015 Group A"]
[Site "Grosser Festsaal im Wiener Rathaus, 1010 Wien"]
[Date "2015.08.20"]
[Round "6"]
[Board "14"]
[White "Salomon, Johan"]
[Black "Zamengo, Fulvio"]
[Result "1/2-1/2"]
[WhiteElo "2439"]
[BlackElo "2298"]
[PlyCount "195"]
[EventDate "2015.08.15"]
[EventRounds "9"]
[EventCountry "AUT"]

1.d4 Nf6 2.c4 g6 3.Nc3 d5 4.Bf4 Bg7 5.e3 O-O 6.Rc1 Be6 7.c5 c6 8.Bd3 Re8 9.h3 Bc8
10.Nf3 Nfd7 11.O-O e5 12.Nxe5 Nxe5 13.Bxe5 Bxe5 14.dxe5 Nd7 15.e4 d4 16.Ne2 Rxe5 17.b4
Nf6 18.f4 Re8 19.Ng3 a5 20.a3 axb4 21.axb4 h5 22.Qc2 Ra3 23.Ra1 Rxa1 24.Rxa1 h4 25.Ne2
Qe7 26.Ra8 Nh5 27.e5 g5 28.Qc4 Rd8 29.fxg5 Qxg5 30.Qc1 Qxc1+ 31.Nxc1 Nf4 32.Bf5 d3
33.Nxd3 Nxd3 34.Bxd3 Rxd3 35.Rxc8+ Kg7 36.Rc7 Re3 37.Re7 Re4 38.Rxb7 Rxe5 39.Kf2 Rf5+
40.Ke3 Rg5 41.Rb6 Rxg2 42.Rxc6 Rg3+ 43.Kf2 Rb3 44.Rb6 Kf8 45.c6 Ke7 46.b5 Kd8 47.Rb8+
Kc7 48.Rb7+ Kc8 49.Ke2 Rxh3 50.Rxf7 Rb3 51.Rf5 h3 52.Kf2 Rb2+ 53.Kg1 Kc7 54.Rh5 h2+
55.Kh1 Kc8 56.Rd5 Kc7 57.Rc5 Rd2 58.b6+ Kxb6 59.c7 Kxc5 60.c8=Q+ Kd4 61.Qh3 Re2 62.Qf3
Rd2 63.Qh5 Ke3 64.Qh3+ Kd4 65.Qf3 Rc2 66.Qf4+ Kd3 67.Qf5+ Kc3 68.Qe4 Kb3 69.Qd4 Ka2
70.Qb4 Rb2 71.Qa4+ Kb1 72.Qa3 Rc2 73.Qb3+ Rb2 74.Qa4 Rc2 75.Qe4 Kb2 76.Qb4+ Ka2 77.Qb7
Rb2 78.Qe4 Ka1 79.Qe6 Kb1 80.Qa6 Rc2 81.Qb5+ Rb2 82.Qd3+ Ka2 83.Qf5 Ka1 84.Qd5 Kb1
85.Qa5 Rc2 86.Qf5 Kb2 87.Qd3 Kb1 88.Qe4 Kb2 89.Qb4+ Ka2 90.Qb6 Rb2 91.Qa7+ Kb1 92.Qa3
Rc2 93.Qd3 Kb2 94.Qb5+ Ka2 95.Qb4 Rb2 96.Qe1 Rb1 97.Qxb1+ Kxb1 98.Kxh2 1/2-1/2

[Event "Vienna Chess Open 2015 Group A"]
[Site "Grosser Festsaal im Wiener Rathaus, 1010 Wien"]
[Date "2015.08.20"]
[Round "6"]
[Board "15"]
[White "Haugli, Petter"]
[Black "Froewis, Georg"]
[Result "1/2-1/2"]
[WhiteElo "2247"]
[BlackElo "2434"]
[PlyCount "89"]
[EventDate "2015.08.15"]
[EventRounds "9"]
[EventCountry "AUT"]

1.d4 d5 2.c4 e6 3.Nc3 c6 4.e3 Nf6 5.Nf3 Nbd7 6.Bd3 dxc4 7.Bxc4 b5 8.Bd3 a6 9.e4 c5
10.d5 Qc7 11.O-O Bb7 12.dxe6 fxe6 13.Bc2 Bd6 14.Ng5 Nf8 15.f4 O-O-O 16.Qe2 h6 17.Nf3
Bxf4 18.Bxf4 Qxf4 19.Rae1 N8d7 20.g3 Qc7 21.e5 Nd5 22.Ne4 Nxe5 23.Nxe5 Qxe5 24.Nxc5
Nf4 25.Rxf4 Qxc5+ 26.Qf2 Qxf2+ 27.Rxf2 Bd5 28.Bb3 Rhf8 29.Bxd5 exd5 30.Re7 Rxf2 31.Kxf2
Rd7 32.Re6 Rc7 33.Rxa6 Rc2+ 34.Ke3 Rxb2 35.h4 Kb7 36.Rg6 Rxa2 37.Kd4 b4 38.Kxd5 b3
39.Kc4 b2 40.Rxg7+ Kc6 41.Rg6+ Kc7 42.Rg7+ Kd6 43.Rb7 Kc6 44.Rb8 Ra3 45.Rxb2 1/2-1/2

[Event "Vienna Chess Open 2015 Group A"]
[Site "Grosser Festsaal im Wiener Rathaus, 1010 Wien"]
[Date "2015.08.20"]
[Round "6"]
[Board "16"]
[White "Kilgus, Georg"]
[Black "Martin, Julian"]
[Result "1/2-1/2"]
[WhiteElo "2421"]
[BlackElo "2261"]
[PlyCount "87"]
[EventDate "2015.08.15"]
[EventRounds "9"]
[EventCountry "AUT"]

1.Nf3 Nf6 2.g3 b5 3.Bg2 Bb7 4.d3 e6 5.e4 d6 6.O-O Be7 7.Na3 a6 8.c4 b4 9.Qa4+ Nc6
10.Nc2 a5 11.e5 Nd7 12.Nfd4 Nxd4 13.Bxb7 Ne2+ 14.Kh1 Nxc1 15.Raxc1 O-O 16.exd6 cxd6
17.d4 Rb8 18.Bg2 Nb6 19.Qb3 d5 20.cxd5 a4 21.Qd3 Nxd5 22.Ne3 Nf6 23.Rc6 Qd7 24.Rfc1
Rfc8 25.Rxc8+ Rxc8 26.Rxc8+ Qxc8 27.Qc4 Qxc4 28.Nxc4 Ng4 29.Kg1 Kf8 30.a3 bxa3 31.bxa3
Nf6 32.Bc6 Nd5 33.Bxa4 Nc3 34.Bc6 Ne2+ 35.Kg2 Nxd4 36.Bb7 Nb5 37.a4 Nd6 38.Nxd6 Bxd6
39.a5 Ke7 40.f4 f5 41.a6 Bc5 42.Kf3 Kf6 43.g4 g5 44.gxf5 1/2-1/2

[Event "Vienna Chess Open 2015 Group A"]
[Site "Grosser Festsaal im Wiener Rathaus, 1010 Wien"]
[Date "2015.08.20"]
[Round "6"]
[Board "17"]
[White "Warmerdam, Max"]
[Black "Tan, Justin"]
[Result "1-0"]
[WhiteElo "2236"]
[BlackElo "2421"]
[PlyCount "39"]
[EventDate "2015.08.15"]
[EventRounds "9"]
[EventCountry "AUT"]

1.e4 e6 2.d4 d5 3.Nc3 Nf6 4.Bg5 dxe4 5.Nxe4 Be7 6.Bxf6 gxf6 7.Nf3 f5 8.Nc3 a6 9.g3
b5 10.Bg2 Bb7 11.O-O c5 12.d5 O-O 13.dxe6 fxe6 14.Re1 Qb6 15.Qe2 Bc8 16.Nd5 exd5 17.Qxe7
Nc6 18.Qg5+ Kh8 19.Qh6 Bb7 20.Re7 1-0

[Event "Vienna Chess Open 2015 Group A"]
[Site "Grosser Festsaal im Wiener Rathaus, 1010 Wien"]
[Date "2015.08.20"]
[Round "6"]
[Board "18"]
[White "Holm, Kristian Stuvik"]
[Black "Pop, Alexandru"]
[Result "0-1"]
[WhiteElo "2418"]
[BlackElo "2248"]
[PlyCount "80"]
[EventDate "2015.08.15"]
[EventRounds "9"]
[EventCountry "AUT"]

1.d4 d5 2.c4 e6 3.Nc3 c5 4.cxd5 exd5 5.Nf3 Nc6 6.g3 Nf6 7.Bg2 Be7 8.O-O O-O 9.dxc5
Bxc5 10.a3 Re8 11.b4 Bf8 12.Bb2 Bg4 13.Rc1 Qd7 14.Re1 Rad8 15.Nb5 Ne4 16.Nbd4 Nxd4
17.Qxd4 Qa4 18.Ne5 Be6 19.Nd3 a5 20.Bxe4 dxe4 21.Qxe4 Qb3 22.Rc3 Rxd3 23.Rxb3 Rxb3
24.Ba1 axb4 25.axb4 Rxb4 26.Qd3 b5 27.e4 Rb3 28.Qd4 Rc8 29.Qe5 b4 30.f4 Bg4 31.Bd4
Rd3 32.Bf2 b3 33.Qb5 Rf3 34.h3 Rc2 35.hxg4 Rfxf2 36.Qxb3 Rg2+ 37.Kh1 Rh2+ 38.Kg1 Bc5+
39.Re3 Bxe3+ 40.Qxe3 Rhe2 0-1

[Event "Vienna Chess Open 2015 Group A"]
[Site "Grosser Festsaal im Wiener Rathaus, 1010 Wien"]
[Date "2015.08.20"]
[Round "6"]
[Board "19"]
[White "Steiner, Bruno"]
[Black "Manik, Mikulas"]
[Result "0-1"]
[WhiteElo "2206"]
[BlackElo "2410"]
[PlyCount "62"]
[EventDate "2015.08.15"]
[EventRounds "9"]
[EventCountry "AUT"]

1.c4 e5 2.g3 Nc6 3.Nc3 d6 4.Bg2 Be6 5.b3 g6 6.e4 Bg7 7.Nge2 Qd7 8.Nd5 O-O-O 9.d3 Bh3
10.Bxh3 Qxh3 11.Ng1 Qd7 12.Be3 Nd4 13.Kf1 h5 14.h4 c6 15.Bxd4 exd4 16.Nf4 Nf6 17.Nf3
Ng4 18.Kg2 Bh6 19.Nxd4 Bg7 20.Nfe2 c5 21.Nc2 Bxa1 22.Qxa1 Ne5 23.Nf4 f5 24.exf5 Qc6+
25.Nd5 gxf5 26.f4 Ng4 27.Re1 Rhe8 28.Kh3 Rxe1 29.Qxe1 Re8 30.Qc3 Qxd5 31.cxd5 Re2 0-1

[Event "Vienna Chess Open 2015 Group A"]
[Site "Grosser Festsaal im Wiener Rathaus, 1010 Wien"]
[Date "2015.08.20"]
[Round "6"]
[Board "20"]
[White "Soors, Stef"]
[Black "Gevorgyan, Irina"]
[Result "0-1"]
[WhiteElo "2407"]
[BlackElo "2206"]
[PlyCount "120"]
[EventDate "2015.08.15"]
[EventRounds "9"]
[EventCountry "AUT"]

1.e4 c5 2.Nf3 e6 3.c3 d5 4.exd5 Qxd5 5.d4 Nf6 6.Be2 Nc6 7.O-O cxd4 8.cxd4 Be7 9.Nc3
Qd6 10.Nb5 Qd8 11.Bf4 Nd5 12.Bg3 O-O 13.Rc1 a6 14.Nc3 Bd6 15.Ne5 Nxc3 16.Rxc3 Ne7
17.Bh4 Bxe5 18.dxe5 Qxd1 19.Rxd1 Nd5 20.Rb3 Bd7 21.Rxb7 Bc6 22.Rb3 Ba4 23.Rxd5 Bxb3
24.Ra5 Bd5 25.h3 Rfc8 26.b4 Rc2 27.Bxa6 Rxa2 28.Rxa2 Bxa2 29.Bd3 Ra7 30.f3 Rd7 31.Be4
Rd1+ 32.Kf2 Bd5 33.Be7 Rd2+ 34.Kg3 Re2 35.Bxd5 exd5 36.f4 f6 37.Kf3 Re4 38.exf6 Kf7
39.Bc5 Kxf6 40.g4 g6 41.Bd6 Re1 42.Bc5 Rb1 43.Ke3 Ke6 44.Kd4 Rd1+ 45.Ke3 Kd7 46.b5
Rb1 47.Kd4 Rxb5 48.Kxd5 Rb3 49.Ke5 Rxh3 50.f5 gxf5 51.Kxf5 Rf3+ 52.Kg5 Ke6 53.Kh6
Kf7 54.Ba7 Ra3 55.Bf2 Rd3 56.Ba7 Kf6 57.g5+ Kf5 58.Bc5 Rh3+ 59.Kg7 Kxg5 60.Bb4 h5 0-1

[Event "Vienna Chess Open 2015 Group A"]
[Site "Grosser Festsaal im Wiener Rathaus, 1010 Wien"]
[Date "2015.08.20"]
[Round "6"]
[Board "21"]
[White "Lipok, Christoph"]
[Black "Pirrot, Dieter"]
[Result "1/2-1/2"]
[WhiteElo "2203"]
[BlackElo "2374"]
[PlyCount "29"]
[EventDate "2015.08.15"]
[EventRounds "9"]
[EventCountry "AUT"]

1.d4 e6 2.c4 b6 3.e4 Bb7 4.Bd3 f5 5.exf5 Bb4+ 6.Kf1 Nf6 7.Nf3 O-O 8.h4 Bxf3 9.Qxf3
Nc6 10.Be3 e5 11.dxe5 Nxe5 12.Qe2 d5 13.a3 Nxd3 14.Qxd3 Bc5 15.Bxc5 1/2-1/2

[Event "Vienna Chess Open 2015 Group A"]
[Site "Grosser Festsaal im Wiener Rathaus, 1010 Wien"]
[Date "2015.08.20"]
[Round "6"]
[Board "22"]
[White "Kevlishvili, Robby"]
[Black "Krause, Benedict"]
[Result "1-0"]
[WhiteElo "2357"]
[BlackElo "2235"]
[PlyCount "99"]
[EventDate "2015.08.15"]
[EventRounds "9"]
[EventCountry "AUT"]

1.e4 c5 2.Nf3 e6 3.d4 cxd4 4.Nxd4 Nc6 5.Nc3 Qc7 6.f4 a6 7.Nxc6 bxc6 8.Bd3 d5 9.O-O
Nf6 10.Qe2 Be7 11.Bd2 O-O 12.Rae1 Re8 13.Kh1 Bf8 14.e5 Nd7 15.Na4 a5 16.Be3 g6 17.c4
Ba6 18.Rc1 Qb7 19.Rfd1 Rec8 20.b3 Bb4 21.Rc2 Rab8 22.Rdc1 Ba3 23.Rf1 Bf8 24.Rcc1 Rd8
25.Rf3 Rdc8 26.Rh3 Qb4 27.Rf3 Qb7 28.h4 Qb4 29.h5 Qa3 30.Rh3 Bg7 31.Rd1 Qe7 32.Qc2
dxc4 33.Bxc4 Bxc4 34.Qxc4 Rb5 35.Nc3 Rbb8 36.Ne4 Nb6 37.Qc2 Nd5 38.Bc5 Qd8 39.Qf2
Ra8 40.hxg6 hxg6 41.Ng5 Qc7 42.Bd6 Qa7 43.Qh4 Ne7 44.Nxe6 fxe6 45.Bxe7 Kf7 46.Bd8
Rab8 47.Rhd3 Rb7 48.Rd6 Rcc7 49.Bxc7 Rxc7 50.Qd8 1-0